| 000 | 01511nam a22003977a 4500 | ||
|---|---|---|---|
| 003 | CHAP | ||
| 005 | 20220329140543.0 | ||
| 008 | 971013s1973 r 00010 d | ||
| 010 | _a53834 | ||
| 011 | _a54806 | ||
| 035 | _a58958 | ||
| 040 | _cCHAP | ||
| 090 | _aTesis | ||
| 100 | 0 | 0 |
_aRuiz Zurita, Rubén A. _9100816 |
| 245 | _aEfecto de las radiaciones ionizantes (Co60) sobre el desarrollo vegetativo y característico de rendimiento en tres varieades de trigo (Triticum aestivum spp), Bajío M-67, INIA F-66 y 7 Cerros T-66 | ||
| 260 |
_aChapingo, Méx. : _bEl autor, _c1973 |
||
| 300 |
_a86 h. _b: ilus. |
||
| 502 | _aTesis (M. C. Esp. en Genética) -- ENA. Colegio de Postgraduados. Rama de Genética | ||
| 590 |
_aALEPH _b10 _c20130110 _lUCH01 _h1331 |
||
| 590 |
_aBATCH-UPD _b10 _c20130110 _lUCH01 _h0209 |
||
| 590 |
_aBATCH-UPD _b10 _c20130110 _lUCH01 _h1413 |
||
| 590 |
_aBATCH-UPD _b10 _c20130409 _lUCH01 _h2223 |
||
| 590 |
_aBATCH-UPD _b10 _c20130410 _lUCH01 _h0858 |
||
| 590 |
_aBATCH-UPD _b10 _c20130914 _lUCH01 _h1951 |
||
| 590 |
_aCONVERSION _b10 _c20130109 _lUCH01 _h1329 |
||
| 650 | 1 | 4 |
_aRadiación _xEfecto en plantas. _993674 |
| 650 | 1 | 4 |
_aTrigo _xCrecimiento. _9115003 |
| 650 | 1 | 4 |
_aTrigo _xFisiología y morfología. _9115027 |
| 650 | 1 | 4 |
_aTrigo _xGenética. _9115030 |
| 650 | 1 | 4 |
_aTrigo _xRendimiento. _9115092 |
| 901 | _aBK | ||
| 942 | _cFOLL | ||
| 949 |
_bBC _cTES _d-127719 _eTS1 _i58958 _si |
||
| 949 |
_bBC _cTES _d-127720 _eTS2 _fc.2 _i58958 _si |
||
| 949 |
_bBC _cTES _d-127721 _eTS2 _fc.3 _i58958 _si |
||
| 999 |
_c53834 _d53834 |
||